000
00183nam a2200073Ia 4500
008
170817s9999 xx 000 0 und d
100
_a
Singh.Yogesh.Kumar
245
0
_a
Nagrik Sastra Shikshan
260
_b
A. P. H. PUB.
999
_c
38668
_d
38668